000 nam a22 a 4500
999 _c1389
_d1389
003 AKMAL
005 20170509124001.0
008 170509s1999 my 00 may d
020 _a9676108901 (kkt.):
_cRM16.70
040 _aAKMAL
_cAKMAL
082 0 4 _a302 ABD
_221
090 0 0 _a302
_bABD
100 0 _aAbdullah Hassan,
_d1942-
_9341
245 1 0 _aPanduan komunikasi perkahwinan /
_cAbdullah Hassan & Ainon Mohd.
260 _aKuala Lumpur :
_bUtusan Publication & Distributors,
_c1999
300 0 0 _aviii, 329ms. ;
_c19cm
440 0 _aSiri komunikasi Utusan
_92731
504 _aBibliografi: ms. 311-329
650 0 _aCommunication in marriage
_91170
650 0 _aInterpersonal communication
_91169
650 0 _aMarriage
_91204
700 0 _aAinon Muhammad,
_d1950-
_9343
942 _2ddc
_cBOOK